Polybag collection trial on Bahau estate (Record no. 65229)

MARC details
000 -LEADER
fixed length control field 00389nam a2200157Ia 4500
100 ## - MAIN ENTRY--AUTHOR NAME
Personal name Collier H M
245 #0 - TITLE STATEMENT
Title Polybag collection trial on Bahau estate
260 ## - PUBLICATION, DISTRIBUTION, ETC. (IMPRINT)
Name of publisher Planters Bulletin
Year of publication 1969
300 ## - PHYSICAL DESCRIPTION
Number of Pages 173-182
650 ## - SUBJECT ADDED ENTRY--TOPICAL TERM
Topical Term Polybag collection
650 ## - SUBJECT ADDED ENTRY--TOPICAL TERM
Topical Term Rainguards
650 ## - SUBJECT ADDED ENTRY--TOPICAL TERM
Topical Term Tapping
700 ## - ADDED ENTRY--PERSONAL NAME
Personal name Morgan F A
942 ## - ADDED ENTRY ELEMENTS (KOHA)
Koha item type Journals
Holdings
Withdrawn status Lost status Damaged status Not for loan Home library Current library Shelving location Date acquired Serial Enumeration / chronology Koha item type
      Journals RRII Library RRII Library Rubber chemistry 17/12/2021 Volume 104, Issue Journals